MARC details
| 000 -LEADER |
| fixed length control field |
01611nam a2200421 a 4500 |
| 001 - CONTROL NUMBER |
| control field |
vtls000212177 |
| 003 - CONTROL NUMBER IDENTIFIER |
| control field |
NLI |
| 005 - DATE AND TIME OF LATEST TRANSACTION |
| control field |
20210602120931.0 |
| 008 - FIXED-LENGTH DATA ELEMENTS--GENERAL INFORMATION |
| fixed length control field |
101126s1974 ilu 000 0 eng |
| 020 ## - INTERNATIONAL STANDARD BOOK NUMBER |
| International Standard Book Number |
081010430X : |
| Terms of availability |
USD 30.75 (v.1) |
| 020 ## - INTERNATIONAL STANDARD BOOK NUMBER |
| International Standard Book Number |
0810104393 |
| 020 ## - INTERNATIONAL STANDARD BOOK NUMBER |
| International Standard Book Number |
0810104318 : |
| Terms of availability |
USD 10.75 (v.2) |
| 039 #9 - LEVEL OF BIBLIOGRAPHIC CONTROL AND CODING DETAIL [OBSOLETE] |
| -- |
201011260051 |
| -- |
VLOAD |
| 040 0# - CATALOGING SOURCE |
| Original cataloging agency |
NLI |
| Language of cataloging |
eng |
| Transcribing agency |
VERGIS-2010 |
| Description conventions |
AACR2 |
| 041 1# - LANGUAGE CODE |
| Language code of text/sound track or separate title |
eng |
| Language code of original |
fre |
| 044 ## - COUNTRY OF PUBLISHING/PRODUCING ENTITY CODE |
| MARC country code |
ilu |
| 082 04 - DEWEY DECIMAL CLASSIFICATION NUMBER |
| Classification number |
848.91 |
| 245 04 - TITLE STATEMENT |
| Title |
The writings of Jean-Paul Sartre / |
| Statement of responsibility, etc. |
compiled by Michel Contat and Michel Rybalka ; translated [from the French] by Richard C. McCleary |
| 260 ## - PUBLICATION, DISTRIBUTION, ETC. |
| Place of publication, distribution, etc. |
Evanston : |
| Name of publisher, distributor, etc. |
Northwestern University Press, |
| Date of publication, distribution, etc. |
1974 |
| 300 ## - PHYSICAL DESCRIPTION |
| Extent |
2 v. ; |
| Dimensions |
24 cm. |
| 440 #0 - SERIES STATEMENT/ADDED ENTRY--TITLE |
| Title |
Northwestern University studies in phenomenology & existential philosophy |
| 505 0# - FORMATTED CONTENTS NOTE |
| Formatted contents note |
v.1. A bibliographical life -v.2 Selected prose |
| 600 10 - SUBJECT ADDED ENTRY--PERSONAL NAME |
| Personal name |
Sartre, Jean-Paul, |
| Dates associated with a name |
1905-1980 |
| Form subdivision |
Translations into English |
| 9 (RLIN) |
402109 |
| 700 1# - ADDED ENTRY--PERSONAL NAME |
| Personal name |
Contat, Michel, |
| Relationship |
com |
| 9 (RLIN) |
402110 |
| 700 1# - ADDED ENTRY--PERSONAL NAME |
| Personal name |
Rybalka, Michel, |
| Relationship |
com |
| 9 (RLIN) |
402111 |
| 700 1# - ADDED ENTRY--PERSONAL NAME |
| Personal name |
McCleary, Richard C., |
| Relationship |
trl |
| 9 (RLIN) |
180643 |
| 740 22 - ADDED ENTRY--UNCONTROLLED RELATED/ANALYTICAL TITLE |
| Uncontrolled related/analytical title |
A bibliographical life. |
| 740 02 - ADDED ENTRY--UNCONTROLLED RELATED/ANALYTICAL TITLE |
| Uncontrolled related/analytical title |
Selected prose |
| 887 ## - NON-MARC INFORMATION FIELD |
| Content of non-MARC field |
|
| 901 ## - LOCAL DATA ELEMENT A, LDA (RLIN) |
| a |
463357 |
| b |
18.7.1980 |
| 9 |
v.1 |
| 901 ## - LOCAL DATA ELEMENT A, LDA (RLIN) |
| a |
463358 |
| b |
18.7.1980 |
| 9 |
v.2 |
| 902 ## - LOCAL DATA ELEMENT B, LDB (RLIN) |
| a |
E 848.91 C 767 |
| 949 ## - LOCAL PROCESSING INFORMATION (OCLC) |
| -- |
VIRTUAITEM |
| -- |
10000 |
| -- |
100 |
| 6 |
PUR000463357ENG |
| 9 |
v.1 |
| 942 ## - ADDED ENTRY ELEMENTS (KOHA) |
| Source of classification or shelving scheme |
Dewey Decimal Classification |
| Koha item type |
Books |
| 949 ## - LOCAL PROCESSING INFORMATION (OCLC) |
| -- |
VIRTUAITEM |
| -- |
10000 |
| -- |
100 |
| 6 |
PUR000463358ENG |
| 9 |
v.2 |
| 991 ## - |
| -- |
swarnapriya |